Una opción metodológica para los trabajadores sociales /
Gespeichert in:
| 1. Verfasser: | |
|---|---|
| Format: | Unbekannt |
| Sprache: | Spanish |
| Veröffentlicht: |
México :
Asociación de Trabajadores Sociales Mexicanos
|
| Ausgabe: | 1 era. edición |
| Schlagworte: | |
| Tags: |
Tag hinzufügen
Keine Tags, Fügen Sie den ersten Tag hinzu!
|
MARC
| LEADER | 00000 a2200000 04500 | ||
|---|---|---|---|
| 001 | 49296 | ||
| 003 | cru CIDCACS/IIS | ||
| 005 | 20190423110422.0 | ||
| 008 | 050608s1986 mx a spa d | ||
| 999 | |c 11171 |d 11171 | ||
| 020 | |a [sin ISBN] | ||
| 022 | |a [sin ISBN] | ||
| 040 | |c cru CIDCACS/IIS | ||
| 090 | |a 05.01.02 M539o | ||
| 100 | |a Mendoza Rangel, María del Cermen | ||
| 245 | |a Una opción metodológica para los trabajadores sociales / |c María del Carmen Mendoza Rangel | ||
| 250 | |a 1 era. edición | ||
| 260 | |a México : |b Asociación de Trabajadores Sociales Mexicanos | ||
| 300 | |a 111 páginas |b il. | ||
| 500 | |a Colección Alforja | ||
| 505 | |a Datos de edición y lugar tomados de internet | ||
| 650 | |a TRABAJO SOCIAL | ||
| 650 | |2 Macrotesauro de la OCDE | ||
| 650 | |a METODOLOGIA | ||
| 650 | |2 Macrotesauro de la OCDE | ||
| 650 | |a ANALISIS HISTORICO | ||
| 650 | |2 Macrotesauro de la OCDE | ||
| 650 | |a CAPITALISMO | ||
| 650 | |2 Macrotesauro de la OCDE | ||
| 650 | |a METODOLOGIA | ||
| 650 | |2 Macrotesauro de la OCDE | ||
| 650 | |a INVESTIGACION | ||
| 650 | |2 Macrotesauro de la OCDE | ||
| 942 | |2 ddc |c LI | ||
